Toutes les communes de Mayotte sur une carte - Statistiques

Statistiques générales
  • Ce quiz a été pris 446 fois
    443 depuis la dernière actualisation
  • Le résultat moyen est 10 sur 17
Réponses sur la Carte
Les réponses sont colorées sur une échelle allant du rouge au vert en fonction du pourcentage des utilisateurs qui les ont devinées à leur premier essai. Vous pouvez retrouver ces pourcentages ci-dessous.
 
Statistiques - réponses
Population Commune % Correct
71 437 Mamoudzou
99%
17 831 Dzaoudzi
74%
11 156 Sada
67%
5 507 Kani-Kéli
62%
32 156 Koungou
61%
11 442 Pamandzi
60%
15 848 Dembeni
58%
5 192 Acoua
56%
6 189 Bouéni
56%
8 295 Chiconi
56%
10 282 Bandrele
55%
7 705 Mtsamboro
55%
13 934 Tsingoni
49%
13 989 Bandraboua
48%
8 920 Chirongui
48%
10 203 Ouangani
42%
6 432 M'Tsangamouji
40%
Aucun quiz correspondant
Distribution des résultats
% des personnes avec chaque résultat
Percentile par nombre de réponses
Votre historique - résultats
Vous n’avez pas pris ce quiz depuis la dernière actualisation